| 000 | 00487nam a2200181Ia 4500 | ||
|---|---|---|---|
| 999 |
_c10428 _d10428 |
||
| 003 | OSt | ||
| 005 | 20191228125814.0 | ||
| 008 | 190216s9999||||xx |||||||||||||| ||und|| | ||
| 020 | _a0333929187 | ||
| 040 | _coclc | ||
| 082 |
_a335.4 _bGHO/P |
||
| 100 |
_aGhosh, B N _9539 |
||
| 245 | 0 |
_aPolitical Economy / _cB N Ghosh |
|
| 260 |
_bMacmillan India Ltd, _c1990. _aDelhi: |
||
| 300 | _a270p | ||
| 650 | _aEconomics | ||
| 942 |
_cBK _2ddc _h335.4 _iGHO/P _k335.4 _mGHO/P |
||